00705 2200229 4500001002100000005001500021008000500036035002400041082001100065084002000076100002000096245011100116260004800227300004100275500006400316650001900380700001600399850001200415990001600427990001600443990001600459YOGYA00000000009942720140823123930 ind 0010-101300000000308 a3030.6 aNUS 303.6 Ige A aI GEDE SUARTIKA aAnatomi konflik adat di desa Pakramnan dan cara penyelesiannya /cI Gede Suartika ; penyunting Jiwa Atmaja aDenpasar:4b Udayana University Press,c2010 ax, 207 hlm.:bilus.;c21 cm ( 3 eks) aDiterbitkan atas kerjasama dengan Universitas Mahasaraswati aKonflik Sosial aJiwa Atmaja aYOPDYOG a1030/B.2013 a1031/B.2013 a1032/B.2013